LEADER 02816nam a2200421 a 4500 001 000000090886 003 CaOOAMICUS 005 20150504094728.0 008 051222m19539999sz u000 u fre r 035 $a11073605 040 $aPUL(R)$bita 110 2 $aPapi (1939-1958 : Pius PP. XII).$0(OLS)http://pul/name/3722 245 10$aDocuments pontificaux de sa sainteté Pie XII /$créunis et présentés par R. Kothen. 260 $aSaint-Maurice, Suisse :$bEditions de l'oeuvre Saint-Augustin ;$aParis :$bEditions Labergerie$g1953- 300 $av. ;$c22 cm 500 $aContengono indici. 504 $aBibliografia in nota. 505 1 $aV. 1. 1950. -- v. 2. 1951. -- v. 3. 1952. -- v. 4. 1953. -- v. 5. 1954. -- v. 6. 1955 / réunis et présentés par Mgr. Simon Delacroix. -- v. 7. 1956. -- v. 8. 1957. -- v. 9. 1958. 610 24$aPapi (1939-1958 : Pius PP. XII)$xDocumenti e corrispondenza.$0(OLS)http://pul/subject/17765 700 1 $aKothen, Robert.$0(OLS)http://pul/name/15060 700 1 $aDelacroix, Simon.$0(OLS)http://pul/name/91974 850 $aPUL 852 $aPUL$W1$xDP1 Fondo Pastorale$y55$mP19 G 31$j114606$nBK-PRI$av. 1$qFondi$B114606$CPULBib$Z2$F114606 $81 852 $aPUL$W1$xDP1 Fondo Pastorale$y55$mP19 G 31.2$j165168$av. 2$qFondi$B165433$CPULBib$Z2$F165433 $H125668 $82 852 $aPUL$W1$xDP1 Fondo Pastorale$y55$mP19 G 31.3$j165169$av. 3$qFondi$B165434$CPULBib$Z2$F165434 $H125669 $82 852 $aPUL$W1$xDP1 Fondo Pastorale$y55$mP19 G 31.4$j165170$av. 4$qFondi$B165435$CPULBib$Z2$F165435 $H125670 $82 852 $aPUL$W1$xDP1 Fondo Pastorale$y55$mP19 G 31.5$j165171$av. 5$qFondi$B165436$CPULBib$Z2$F165436 $H125671 $82 852 $aPUL$W1$xDP1 Fondo Pastorale$y55$mP19 G 31.6$j165172$av. 6$qFondi$B165437$CPULBib$Z2$F165437 $H125672 $82 852 $aPUL$W1$xDP1 Fondo Pastorale$y55$mP19 G 31.7$j165173$av. 7$qFondi$B165438$CPULBib$Z2$F165438 $H125673 $82 852 $aPUL$W1$xDP1 Fondo Pastorale$y55$mP19 G 31.8$j165174$av. 8$qFondi$B165439$CPULBib$Z2$F165439 $H125674 $82 852 $aPUL$W1$xDP1 Fondo Pastorale$y55$mP19 G 31.9$j165175$av. 9$qFondi$B165440$CPULBib$Z2$F165440 $H125675 $82 900 $aPius PP.$bXII,$d1876-1958$93722 900 $aPius PP.$bXII,$d1876-1958$93722 941 1 $a1 996 $6245$aDocuments pontificaux de sa sainteté Pie XII$9(OLS)http://pul/title/117357 996 $6260$aSaint-Maurice, Suisse :$bEditions de l'oeuvre Saint-Augustin$9(OLS)http://pul/publisher/78616 996 $6260$aParis :$bEditions Labergerie$9(OLS)http://pul/publisher/76554 LEADER 01257nam a2200325 a 4500 001 000000057911 003 CaOOAMICUS 005 20130612135045.0 008 010521s1961 fr u000 u fre r 035 $a10889632 040 $aPUL$bita 100 1 $aPrélot, Marcel,$d1898-1972.$0(OLS)http://pul/name/40314 245 10$aHistoire des idées politiques /$cpar Marcel Prélot. 250 $a2. éd. 260 $aParis :$bDalloz,$c1961. 300 $a648 p. ;$c19 cm 490 1 $aPrécis Dalloz 500 $aInclude indici. 650 4$aScienza della politica.$0(OLS)http://pul/subject/7138 830 0$aPrécis Dalloz.$0(OLS)http://pul/title/50356 850 $aPUL 852 $aPUL$W1$xSL Religione 2$y84$mRH D3 250$j75684$nBK-PRI$b $qStampati altre collocazioni$B75684$CPULBib$Z2$F75684 $H $81 852 $aPUL$W1$xDP1 Fondo E. Rossi$y115$m1 P 53$j154487$a2. copia$qFondi$B154036$CPULBib$Z2$F154036 $82 941 1 $a10 941 1 $a1 960 $aScienze politiche$97138 961 $aSul dorso collocazione ms. di E. Rossi: P 26 996 $6245$aHistoire des idées politiques$9(OLS)http://pul/title/75558 996 $6260$aParis :$bDalloz$9(OLS)http://pul/publisher/53506